| 000 | 00820nas a2200265 4500 | ||
|---|---|---|---|
| 001 | BR9604946 | ||
| 003 | BR-BrBNA | ||
| 005 | 20231205095823.0 | ||
| 007 | ta | ||
| 008 | 230509b bl.|||p| |||| 00| 00por d | ||
| 040 |
_aBR-BrBNA _bpor _cBiblioteca Nacional de Agricultura |
||
| 041 | _a(Pt) | ||
| 072 | _aP33 | ||
| 100 | 1 | _aPavan, M.A. | |
| 100 | 1 | _aTakachi, C.Y. | |
| 100 | 1 | _aMiyazawa, M. | |
| 245 | 1 | _aEstimativa da forca ionica corrigida para pares de ions atraves da condutividade eletrica da solucao do solo | |
| 650 | _aSolo | ||
| 650 | _aIon | ||
| 650 | _aCondutividade Eletrica | ||
| 650 | _aPARANÁ | ||
| 773 | 0 |
_tRevista Brasileira de Ciencia do Solo (Brazil) _xISSN 0100-0683 _g(Sep-Dec 1995), v. 19(3) p. 345-347 _wBR9604946 |
|
| 909 |
_a202311 _bLúcia _c55 _dLúcia Elande |
||
| 942 |
_2AGRIS _n0 _cANA |
||
| 999 |
_c152892 _d152892 |
||